Movies by Letter - Statistics

General Stats
  • This quiz has been taken 528 times
  • The average score is 13 of 26
Answer Stats
# Hint Answer % Correct
K Big monkey. Hate plane. King Kong
88%
F A kid saves a whale Free Willy
84%
B A St Bernard with a musical name Beethoven
79%
E Will Ferrell travels to New York for the first time to find his father Elf
78%
O Robbing casinos is hard Ocean's Eleven
76%
A A team of oil drillers are tasked with saving the world Armageddon
70%
D Disney film about prehistoric creatures Dinosaur
70%
I Sid misses the migration, then he finds a baby Ice Age
67%
Y Jim Carrey can't say no to Zooey Deschanel Yes Man
58%
Q 007 is in this film Quantum of Solace
57%
V Natalie Portman can't do a British accent 'V' for Vendetta
54%
W World=Flooded Waterworld
54%
C Tom Baker has a lot of kids Cheaper by the Dozen
46%
R Lizard is accidently a badass Rango
46%
S Aptly named film about fish in a twister Sharknado
45%
T Margaret Thatcher does things The Iron Lady
44%
L Joseph Gordon Levitt is employed to kill himself Looper
42%
X A mutant and his orgin story. Why did they ruin Deadpool? X-Men Origins: Wolverine
38%
U Kate Beckinsale. Am I right? Underworld
37%
G A rag-tag team of convicts saves Xandar from destruction Guardians of the Galaxy
34%
M Spoiler: Music kills the Aliens Mars Attacks
32%
Z Spiritual sequel to Jumanji Zathura: A Space Adventure
20%
H A wizard and his friends break a lot of prophecies Harry Potter and the Order of the Phoenix
19%
P Idris Elba cancels the apocalypse Pacific Rim
14%
J Tim Allen finds he has a son Jungle 2 Jungle
13%
N Italian film director tries to balance personal and professional lives Nine
8%
No matching quizzes found
Score Distribution
Percent of People with Each Score
Percentile by Number Answered
Your Score History
You have not taken this quiz